| 000 | 00447nam a2200133 i 4500 | ||
|---|---|---|---|
| 001 | bg | ||
| 245 | 0 |
_aAutomatyzacja procesów technicznego przygotowania produkcji i wytwarzania : _bspołeczno-organizacyjne aspekty wdrażania automatyzacji : [konferencja naukowa "Rydzyna'88". |
|
| 260 |
_aZielona Góra, _c1988. |
||
| 040 | _cBPK | ||
| 041 | _apol | ||
| 080 | _a658.56:;66/69](061.3) | ||
| 942 | _cKS | ||
| 008 | s pl f |000 0 pol | ||
| 999 |
_c28750 _d28750 |
||